Les villes les plus déprimantes de France - Statistiques

Statistiques générales
  • Ce quiz a été pris 27 fois
  • Le résultat moyen est 2 sur 10
Statistiques - réponses
Villes % Correct
1 Calais
52%
6 Limoges
48%
8 Lens
44%
3 Béziers
20%
10 Charleville mézieres
16%
4 Chalon sur saone
4%
7 Creil
4%
5 Montauban
4%
9 Saint Quentin
4%
2 Forbach
0%
Aucun quiz correspondant
Distribution des résultats
% des personnes avec chaque résultat
Percentile par nombre de réponses
Votre historique - résultats
Vous n’avez pas pris ce quiz